000 00707nam a2200217 a 4500
005 20210223132737.0
008 151002s2013 mx r 000 0 spa d
020 _a9786079294182
035 _aUPN01000206021
049 _aCG
050 4 _aF1359
_bS9.2
100 1 _aSuárez Argüello, Ana Rosa
_938117
245 1 3 _aEl camino de Tehuantepec :
_bde la visión a la quiebra (1854-1861) /
_cAna Rosa Suárez Argüello.
260 _aMéxico :
_bInstituto Mora,
_c2013.
300 _a411 p. :
_bmapas
440 0 _aHistoria internacional
651 4 _aTEHUANTEPEC, ISTMO DE -
_xHISTORIA -
_ySIGLO XIX
_924445
650 4 _aEMPRESAS COMERCIALES INTERNACIONALES
_920831
905 _aLibro
999 _c178122
_d178122